000 00848nam a22003490a 4500
001 PT31337
003 AR-LpoUNG
005 20210131233718.0
008 191001s2008||||ag |||||||||||||||||spa d
020 _a9789504918479
_c$10.50
040 _aAR-LpoUNG
_bspa
_cAR-LpoUNG
_eaacr
041 _aspa
044 _aag
082 0 _aA863 119set
100 1 _aSaccomanno, Guillermo
245 1 0 _a77
250 _a1ra. ed.
260 _aBuenos Aires :
_bPlaneta,
_c2008.
300 _a273 p. :
_btbls., gráfs.
650 4 _aARGENTINA
650 4 _aDICTADURA
650 4 _aGOBIERNO MILITAR
650 4 _aGOLPES DE ESTADO
650 4 _aHISTORIA POLITICA
650 4 _aHISTORIA SOCIAL
650 4 _aNOVELAS
650 4 _aRELACIONES PERSONALES
650 4 _aVIOLENCIA
651 4 _aArgentina
905 _a31337
942 _cLSALA
999 _c22298
_d22298